000 00582nam a2200241 a 4500
001 nice12345678
003 IN_TiNIC
005 20260116011936.0
008 050524s1924 alia grp 000 0 urd
020 _a
_c100
082 0 0 _a934
_bPAN
100 _aPanikar, K M
245 _aTarikh-E-Hind Qadeem
260 _aAligarh
_bMaktaba Jamia Milia Islamia
_c1924
300 _a81p
500 _aincludes index and biblioraphy
505 2 _aReserve copies
650 _aIndia-History Ancient
700 1 _aPanikar, K M
902 _bSRS
942 _cBK
999 _c4995
_d4995